|
|
|
|
| LEADER |
00000nam a2200000 a 4500 |
| 001 |
UCG0427 |
| 003 |
CL-VaPUC |
| 008 |
100325e20080000CL |||||||||||||||||spa|d |
| 020 |
|
|
|a 9561218240
|
| 082 |
0 |
4 |
|a 372.6
|b FAN
|2 21
|
| 100 |
0 |
|
|a Fanta Fredes, Cecilia
|e author
|9 547843
|
| 700 |
0 |
|
|a Recabarren Arancibia, Marcela
|e author
|9 547844
|
| 245 |
1 |
0 |
|a Lenguaje y Comunicación 8, Octavo Año Básico: texto para el estudiante
|
| 250 |
|
|
|a 1a. ed
|
| 300 |
|
|
|a 251 p
|
| 942 |
|
|
|c BK
|
| 945 |
|
|
|d 20100325 00:00:00
|a rbrito
|
| 260 |
|
|
|a Santiago
|b Zig-Zag
|c 2008
|
| 650 |
|
0 |
|a Educación lingüística
|9 306506
|
| 650 |
|
0 |
|a Educación básica
|9 224933
|
| 650 |
|
0 |
|a Libros de texto
|9 270019
|
| 650 |
|
0 |
|a Métodos de enseñanza
|9 270413
|
| 583 |
|
|
|a last modification
|c 20170925 12:30:58
|k Rodrigo Vera
|
| 999 |
|
|
|c 340066
|d 340064
|
| 952 |
|
|
|0 0
|1 0
|4 0
|6 372_600000000000000_FAN_2008
|7 0
|8 A
|9 434447
|a BIBEDU
|b BIBEDU
|d 2019-11-22
|i 4641841
|o 372.6 FAN 2008
|p 4641841
|r 2019-11-22
|w 2019-11-22
|y BK
|k EBA
|
| 952 |
|
|
|0 0
|1 0
|4 0
|6 372_600000000000000_FAN_2008
|7 0
|8 A
|9 434448
|a BIBEDU
|b BIBEDU
|d 2019-11-22
|i 464185K
|o 372.6 FAN 2008
|p 464185K
|r 2019-11-22
|w 2019-11-22
|y BK
|k EBA
|
| 952 |
|
|
|0 0
|1 0
|4 0
|6 372_600000000000000_FAN_2008
|7 0
|8 A
|9 434449
|a BIBEDU
|b BIBEDU
|d 2019-11-22
|i 4641868
|o 372.6 FAN 2008
|p 4641868
|r 2019-11-22
|w 2019-11-22
|y BK
|k EBA
|